Advances in formal design method for CAD (Record no. 612464)

000 -LEADER
fixed length control field 00370nam a22001337a 4500
020 ## - INTERNATIONAL STANDARD BOOK NUMBER
International Standard Book Number 9780412727108
040 ## - CATALOGING SOURCE
Transcribing agency Nust
082 ## - DEWEY DECIMAL CLASSIFICATION NUMBER
Classification number 620.0042
Author Mark ADV'G
100 ## - MAIN ENTRY--PERSONAL NAME
Personal name John Gero
9 (RLIN) 127299
245 ## - TITLE STATEMENT
Title Advances in formal design method for CAD
260 ## - PUBLICATION, DISTRIBUTION, ETC.
Place of publication, distribution, etc. London:
Name of publisher, distributor, etc. Chapman and Hall,
Date of publication, distribution, etc. 1996.
650 ## - SUBJECT ADDED ENTRY--TOPICAL TERM
Topical term or geographic name entry element Advances in formal design method for CAD
9 (RLIN) 127300
942 ## - ADDED ENTRY ELEMENTS (KOHA)
Source of classification or shelving scheme
Koha item type Book
Holdings
Withdrawn status Lost status Source of classification or shelving scheme Damaged status Not for loan Permanent Location Current Location Shelving location Date acquired Full call number Barcode Date last seen Price effective from Koha item type Public note
          College of Electrical & Mechanical Engineering (CEME) College of Electrical & Mechanical Engineering (CEME) General Stacks 01/01/2025 620.0042 ADV'G CEME- 31833 01/01/2025 01/01/2025 Book 4.1
© 2023 Central Library, National University of Sciences and Technology. All Rights Reserved.